[Event "I American Continental"]
[Site "Cali COL"]
[Date "2001.08.16"]
[Round "7"]
[White "Bruzon,L"]
[Black "Zapata,A"]
[Result "1/2-1/2"]
[WhiteElo "2573"]
[BlackElo "2530"]

1.Nf3 Nf6 2.g3 g6 3.b3 Bg7 4.Bb2 O-O 5.Bg2 c5 6.O-O d6 7.d4 Nc6 8.c4 Bf5
9.d5 Nb4 10.a3 Na6 11.Nbd2 Rb8 12.Ne1 Re8 13.Ra2 b5 14.e4 Bg4 15.f3 Bd7 16.Nd3 bxc4
17.bxc4 Qa5 18.e5 Bh6 19.f4 Bf5 20.Qe2 e6 21.dxe6 Rxe6 22.Ne4 Nxe4 23.Bxe4 Qa4
24.Bxf5 gxf5 25.Ne1 Bg7 26.Ba1 Rbe8 27.Qd3 dxe5 28.fxe5 Bxe5 29.Bxe5  1/2-1/2

[Event "I American Continental"]
[Site "Cali COL"]
[Date "2001.08.17"]
[Round "8"]
[White "Hoffman,A"]
[Black "Bruzon,L"]
[Result "1/2-1/2"]
[WhiteElo "2481"]
[BlackElo "2573"]

1.c4 Nf6 2.Nf3 c6 3.d4 d5 4.e3 Bf5 5.cxd5 cxd5 6.Qb3 Qc7 7.Bd2 e6 8.Bb5+ Nc6
9.O-O Bd6 10.Bb4 O-O 11.Bxd6 Qxd6 12.Bxc6 Qxc6 13.Ne5 Qc7 14.Nc3 Rfc8 15.Rfc1 Ng4
16.Nxg4 Bxg4 17.f3 Bf5 18.Qd1 Qe7 19.Qd2 h6 20.Ne2 Qd7 21.Kf2 Qa4 22.Rxc8+ Rxc8
23.Rc1 Rxc1 24.Nxc1 Qc4 25.a3 Qc7 26.Kg1 Qc4  1/2-1/2

[Event "I American Continental"]
[Site "Cali COL"]
[Date "2001.08.19"]
[Round "10"]
[White "Szmetan,J"]
[Black "Bruzon,L"]
[Result "1-0"]
[WhiteElo "2406"]
[BlackElo "2573"]

1.Nf3 Nf6 2.c4 g6 3.g3 Bg7 4.Bg2 O-O 5.O-O d5 6.cxd5 Nxd5 7.d4 Nb6 8.Nc3 Nc6
9.e3 Re8 10.a4 a5 11.h3 e5 12.dxe5 Nxe5 13.Nxe5 Bxe5 14.Qc2 Qe7 15.e4 Be6
16.f4 Bd4+ 17.Kh2 Qc5 18.Bd2 Rad8 19.b3 f5 20.Rac1 c6 21.e5 Be3 22.Bxe3 Qxe3
23.Rfd1 Qc5 24.Rxd8 Rxd8 25.Rd1 Re8 26.Rd3 Nd5 27.Qd2 Nb4 28.Rd8 Kf8 29.Ne2 Bxb3
30.Qd7 Bf7 31.Nd4 Qe7 32.Rxe8+ Qxe8 33.Qxb7 c5 34.Nb5 Qe7 35.Qa8+ Kg7 36.Qxa5 Bd5
37.Qc7 Qxc7 38.Nxc7 Bb3 39.a5 c4 40.Nb5 Ba4 41.Nc3 Bc6 42.Bxc6 Nxc6  1-0

[Event "I American Continental"]
[Site "Cali COL"]
[Date "2001.08.20"]
[Round "11"]
[White "Bruzon,L"]
[Black "Castro,O"]
[Result "1-0"]
[WhiteElo "2573"]
[BlackElo "2364"]

1.e4 e5 2.Nf3 Nc6 3.Bb5 a6 4.Ba4 d6 5.O-O Nf6 6.Re1 Be7 7.Bxc6+ bxc6 8.d4 exd4
9.Nxd4 Bd7 10.Nc3 O-O 11.Bf4 Qb8 12.e5 dxe5 13.Bxe5 Qxb2 14.Ne4 Rad8 15.Nf3 Qb6
16.Nxf6+ Bxf6 17.Bxf6 gxf6 18.Qc1 Bf5 19.Qf4 Bxc2 20.Qxf6 Rd6 21.Qc3 Bg6
22.Ne5 Rfd8 23.h4 h5 24.Rac1 Re6 25.Red1 Rdd6 26.Rxd6 cxd6 27.Nxc6 Be4 28.Nd4 Rg6
29.g3 Rg4 30.Qe3 Kh7 31.Kh2 Qb2 32.Rd1 Qxa2 33.Rd2 Qb1 34.f3 Ba8 35.Nf5 Rg6
36.Nxd6 Qf1 37.Rf2 Re6 38.Qa7 Re7 39.Qc5 Qd3 40.Qxh5+ Kg8 41.Qg5+ Kf8 42.Qf6  1-0

[Event "Anibal Open"]
[Site "Linares ESP"]
[Date "2002.03.04"]
[Round "4"]
[White "Bruzon,L"]
[Black "Garcia Martinez,S"]
[Result "1-0"]
[WhiteElo "2569"]
[BlackElo "2395"]

1.c4 e5 2.g3 d6 3.Bg2 g6 4.Nc3 Bg7 5.d3 Ne7 6.e4 O-O 7.Nge2 Be6 8.O-O Qd7
9.Be3 c5 10.a3 Nbc6 11.Rb1 Nd4 12.b4 b6 13.Qd2 Rab8 14.b5 f5 15.exf5 gxf5
16.Bh6 Nxe2+ 17.Nxe2 f4 18.Bxg7 Kxg7 19.gxf4 h6 20.fxe5 dxe5 21.Qe3 Rbd8
22.Rbd1 Bg4 23.Kh1 Qf5 24.Rd2  1-0

[Event "Anibal Open"]
[Site "Linares ESP"]
[Date "2002.03.05"]
[Round "5"]
[White "Pilgaard,K"]
[Black "Bruzon,L"]
[Result "1/2-1/2"]
[WhiteElo "2400"]
[BlackElo "2569"]

1.e4 c5 2.Nf3 d6 3.d4 cxd4 4.Nxd4 Nf6 5.Nc3 a6 6.Bg5 e6 7.f4 Be7 8.Qf3 h6
9.Bh4 Qc7 10.O-O-O Nbd7 11.Qg3 Rg8 12.Be2 g5 13.fxg5 Ne5 14.Rhf1 hxg5 15.Bxg5 Nh7
16.h4 Nxg5 17.hxg5 Bd7 18.Nf3 Nxf3 19.Rxf3 Qc5 20.Kb1 Qxg5 21.Qf2 Rg7 22.Rh1 Bc6
23.Rh8+ Rg8 24.Rxg8+ Qxg8 25.a3 Rc8 26.Rg3 Qf8 27.Qf4 Qh8 28.Rh3 Qf6 29.Qg4 Qg5
30.Qf3 Qe5 31.Rh5 Qd4 32.g4 Qg7 33.Qh3 Bf6 34.Rh7 Qg8 35.Rh6 Ke7 36.Bc4 Qg7
37.Bxe6 Rh8 38.Rxh8 Qxh8 39.g5 Bxc3 40.bxc3 Qxh3 41.Bxh3 Bxe4 42.Kc1 Kd8
43.Kd2 Kc7 44.c4 Kc6 45.Kc3 Kc5 46.Bg4 b6 47.Bh5 Bg6 48.Bf3 Bf5 49.Bd5 Bg6
50.Bb7 a5 51.Bf3 b5 52.cxb5 Kxb5 53.Kb3 Kc5 54.c4 Kb6 55.Bd5 Bh5 56.Kc3  1/2-1/2

[Event "Anibal Open"]
[Site "Linares ESP"]
[Date "2002.03.07"]
[Round "7"]
[White "Radulski,J"]
[Black "Bruzon,L"]
[Result "1/2-1/2"]
[WhiteElo "2499"]
[BlackElo "2569"]

1.d4 d5 2.c4 c6 3.Nf3 Nf6 4.Nc3 e6 5.Bg5 Nbd7 6.cxd5 exd5 7.e3 Be7 8.Bd3 O-O
9.Qc2 Re8 10.O-O Nf8 11.Rab1 a5 12.Rbe1 Be6 13.h3 Nh5 14.Bxe7 Rxe7 15.g4 Nf6
16.Ne5 Ne8 17.f4 f6 18.Nf3 Nd6 19.f5 Bf7 20.Qh2 Qc7 21.Qf4 Rae8 22.h4 Kh8
23.Rf2 c5 24.Rfe2 c4 25.Bc2 b5 26.e4 dxe4 27.Nxe4 Nxe4 28.Qxc7 Rxc7 29.Rxe4 Rxe4
30.Rxe4 Kg8 31.Kf2 Nd7 32.Re1 Kf8 33.g5 Bd5 34.Ng1 Nb6 35.Ne2 Re7 36.Nf4 Rxe1
37.Kxe1 b4 38.Kd2 c3+ 39.bxc3 Bxa2 40.cxb4 axb4 41.Be4 Ke7  1/2-1/2

[Event "Anibal Open"]
[Site "Linares ESP"]
[Date "2002.03.09"]
[Round "9"]
[White "Mirzoev,A"]
[Black "Bruzon,L"]
[Result "1/2-1/2"]
[WhiteElo "2494"]
[BlackElo "2569"]

1.d4 Nf6 2.Nf3 e6 3.c4 d5 4.Nc3 Be7 5.Bg5 h6 6.Bh4 O-O 7.e3 b6 8.cxd5 Nxd5
9.Bxe7 Qxe7 10.Rc1 Bb7 11.Be2 Nf6 12.O-O Nbd7 13.a3 Rfc8 14.Qa4 a6 15.Rfd1 c5
16.dxc5 Nxc5 17.Qh4 Rc7 18.Na4 Nxa4 19.Qxa4 Nd5 20.Ne1 Rac8 21.Rxc7 Qxc7
22.Bf3 Qc4 23.Qxc4 Rxc4 24.Kf1 Kf8 25.Ke2 Ke7 26.Nd3 a5 27.Rc1 Rxc1 28.Nxc1 f5
29.Kd2 e5 30.Na2 e4 31.Be2 Kd6 32.Nc3 Nf6 33.h4 Bc6 34.g3 Kc5 35.Na2 Nd5
36.Bh5 Nf6 37.Bd1 g5  1/2-1/2

[Event "Capablanca Mem Elite"]
[Site "Havana CUB"]
[Date "2002.05.10"]
[Round "4"]
[White "Stefansson,H"]
[Black "Bruzon,L"]
[Result "1/2-1/2"]
[WhiteElo "2598"]
[BlackElo "2569"]

1.e4 c5 2.Nf3 d6 3.d4 cxd4 4.Nxd4 Nf6 5.Nc3 a6 6.Bc4 e6 7.O-O Be7 8.Bb3 O-O
9.Qf3 Nbd7 10.Qg3 Nc5 11.Bh6 Ne8 12.Be3 Nf6 13.f3 Kh8 14.Rad1 Qc7 15.Nde2 b5
16.Nf4 Bd7 17.Nd3 Nxd3 18.cxd3 a5 19.Rc1 Qb7 20.d4 b4 21.Na4 Bb5 22.Rfd1 Rac8
23.Qf2 Nd7 24.Bc2 Rc7 25.b3 Rfc8 26.Bb1 Bxa4 27.bxa4 Nb6 28.Bc2 d5 29.exd5 Nxd5
30.Bb3 Nc3 31.Re1 Bf6 32.Bf4 Qa7 33.Kh1 Bxd4 34.Qc2 Rd7 35.g4 Qc5 36.Qg2 e5
37.Bg3 Be3 38.Rc2 Rcd8 39.Qf1 f6 40.Qc4 Qxc4 41.Bxc4 Rd1 42.Rxd1 Rxd1+ 43.Kg2 Bd4
44.Bb3 g6 45.h4 Kg7 46.Kh2 Rf1 47.Kg2 Rg1+ 48.Kh2 Rb1 49.Rd2 f5 50.gxf5 gxf5
51.Rg2 Kh6 52.Rd2 f4 53.Bxf4+ exf4 54.Rxd4 Nxa2 55.Be6 Re1  1/2-1/2

[Event "Capablanca Mem Elite"]
[Site "Havana CUB"]
[Date "2002.05.17"]
[Round "9"]
[White "Bruzon,L"]
[Black "Vera,R"]
[Result "1-0"]
[WhiteElo "2569"]
[BlackElo "2537"]

1.e4 c5 2.Nf3 d6 3.d4 cxd4 4.Nxd4 Nf6 5.Nc3 a6 6.Be3 e5 7.Nb3 Be6 8.Qd2 Nbd7
9.f4 b5 10.f5 Bc4 11.O-O-O Be7 12.Kb1 O-O 13.h3 a5 14.g4 Bxf1 15.Rhxf1 b4
16.Nd5 Nxd5 17.Qxd5 Qc7 18.g5 a4 19.Nd2 Rfc8 20.Qd3 Bf8 21.Rc1 Rab8 22.Rfd1 Qc6
23.h4 Rb5 24.Nf1 Qb7 25.Ka1 Ra5 26.c4 bxc3 27.Rxc3 Rxc3 28.Qxc3 Rb5 29.Qc2 a3
30.bxa3 d5 31.a4 Ra5 32.exd5 Rxd5 33.Nd2 Qa6 34.Nb3 Rxd1+ 35.Qxd1 Qxa4 36.Qd5 g6
37.fxg6 hxg6 38.h5 gxh5 39.g6 Bg7 40.Qxf7+ Kh8 41.Qe8+ Bf8 42.Bh6  1-0

[Event "Guillermo Garcia ALFIL"]
[Site "Santa Clara CUB"]
[Date "2002.05.20"]
[Round "2"]
[White "Almeida,O"]
[Black "Bruzon,L"]
[Result "1/2-1/2"]
[WhiteElo "2484"]
[BlackElo "2569"]

1.d4 d5 2.c4 e6 3.Nc3 Be7 4.Nf3 Nf6 5.Bg5 O-O 6.e3 h6 7.Bxf6 Bxf6 8.Qb3 c6
9.O-O-O a5 10.Kb1 a4 11.Qc2 a3 12.b3 Na6 13.e4 Qa5 14.e5 Be7 15.h4 c5 16.Ng5 g6
17.Nf3 Kg7 18.dxc5 Rd8 19.Nb5 Nxc5 20.Nfd4 Bd7 21.h5 dxc4 22.Bxc4 g5 23.Rhe1 Bxb5
24.Nxb5 Rxd1+ 25.Rxd1 Rd8 26.f3 Nd7 27.Qe4 Nc5 28.Qc2 Na6 29.Rxd8 Qxd8 30.Qd3 Qxd3+
31.Bxd3 Nc5 32.Be4 b6 33.Nd4 f6  1/2-1/2

[Event "Guillermo Garcia ALFIL"]
[Site "Santa Clara CUB"]
[Date "2002.05.22"]
[Round "4"]
[White "Mateo,Ra"]
[Black "Bruzon,L"]
[Result "1/2-1/2"]
[WhiteElo "2391"]
[BlackElo "2569"]

1.d4 d5 2.c4 e6 3.Nc3 Nf6 4.Nf3 c6 5.cxd5 exd5 6.Bg5 Bf5 7.e3 Qb6 8.Bd3 Qxb2
9.O-O Bg4 10.Na4 Qa3 11.Bxf6 gxf6 12.Qc2 Nd7 13.Rab1  1/2-1/2

[Event "Guillermo Garcia ALFIL"]
[Site "Santa Clara CUB"]
[Date "2002.05.24"]
[Round "6"]
[White "Fernandez,Alex"]
[Black "Bruzon,L"]
[Result "0-1"]
[WhiteElo "2388"]
[BlackElo "2569"]

1.e4 c5 2.Nf3 d6 3.d4 cxd4 4.Nxd4 Nf6 5.Nc3 e6 6.g4 h6 7.h4 Nc6 8.Rg1 h5
9.gxh5 Nxh5 10.Bg5 Qb6 11.Nb3 a6 12.Qd2 Bd7 13.O-O-O Nf6 14.Kb1 Qc7 15.f4 Be7
16.Qe3 O-O-O 17.Na4 Kb8 18.Nb6 Be8 19.f5 d5 20.exd5 exd5 21.Bf4 Bd6 22.Bxd6 Rxd6
23.Qf4 Ne7 24.Nc4 dxc4 25.Rxd6 cxb3 26.axb3 Bd7 27.Bd3 Nxf5 28.Bxf5 Bxf5
29.Rg2 Ne4  0-1

[Event "Guillermo Garcia ALFIL"]
[Site "Santa Clara CUB"]
[Date "2002.05.25"]
[Round "7"]
[White "Bruzon,L"]
[Black "Del Rio Angelis,S"]
[Result "1-0"]
[WhiteElo "2569"]
[BlackElo "2495"]

1.c4 e5 2.g3 Nf6 3.Bg2 d5 4.cxd5 Nxd5 5.Nf3 Nc6 6.O-O Be7 7.Nc3 Nb6 8.d3 O-O
9.a3 Be6 10.b4 a5 11.b5 Nd4 12.Nd2 Bd5 13.Nxd5 Nxd5 14.Bb2 a4 15.Nf3 Bf6
16.e3 Nxb5 17.Bxe5 c6 18.Qc2 Re8 19.Bxf6 Qxf6 20.d4 Qe7 21.Qb2 Nd6 22.Rfc1 Ra5
23.Ne5 Rb5 24.Qc2 Ra8 25.Rab1 Nc7 26.Nd3 Rxb1 27.Qxb1 Ncb5 28.Qb2 h5 29.d5 cxd5
30.Bxd5 h4 31.Nf4 hxg3 32.hxg3 Qf6 33.Qb4 Qe5 34.e4 Re8 35.Nd3 Qd4 36.Qxd4 Nxd4
37.Rc7 Ne6 38.Rd7 Nb5 39.Ne5 f6 40.Rxb7 Nxa3 41.Ng6 Nc2 42.f4 Ne3 43.Ba2 f5
44.g4 fxg4 45.Bxe6+ Rxe6 46.Rb8+  1-0

[Event "Guillermo Garcia ALFIL"]
[Site "Santa Clara CUB"]
[Date "2002.05.27"]
[Round "8"]
[White "Bruzon,L"]
[Black "Quezada,Y"]
[Result "1-0"]
[WhiteElo "2569"]
[BlackElo "2411"]

1.c4 e5 2.Nc3 Nc6 3.Nf3 g6 4.d4 exd4 5.Nxd4 Bg7 6.Nxc6 bxc6 7.g3 Ne7 8.Bg2 d6
9.O-O O-O 10.Qc2 Bf5 11.e4 Be6 12.c5 d5 13.Rd1 Bg4 14.Rd3 Qc8 15.Bg5 dxe4
16.Bxe4 f6 17.Bf4 Rb8 18.Re1 Bf5 19.Qa4 Rxb2 20.Bxf5 Qxf5 21.Qc4+ Nd5 22.Nxd5 cxd5
23.Rxd5 Qc2 24.Qd4 f5 25.Be5 Rb1 26.Rxb1 Qxb1+ 27.Kg2 Bxe5 28.Rxe5 Qxa2 29.Re7 Rf7
30.Re8+ Rf8 31.Rxf8+ Kxf8 32.Qd8+ Kg7 33.Qxc7+ Kf6 34.Qd8+ Kf7 35.Qd7+ Kf6
36.Qd4+ Ke6 37.c6 Qc2 38.Qd7+ Kf6 39.Qd6+ Kf7 40.c7 Qe4+ 41.f3 Qe2+ 42.Kh3 Qxf3
43.Qd7+ Kf6 44.Qd4+  1-0

[Event "Guillermo Garcia ALFIL"]
[Site "Santa Clara CUB"]
[Date "2002.05.29"]
[Round "10"]
[White "Bruzon,L"]
[Black "Borges Mateos,J"]
[Result "1-0"]
[WhiteElo "2569"]
[BlackElo "2438"]

1.e4 e6 2.d4 d5 3.Nc3 Nf6 4.Bg5 Be7 5.e5 Nfd7 6.Bxe7 Qxe7 7.f4 a6 8.Nf3 c5
9.Qd2 Nc6 10.dxc5 Qxc5 11.Bd3 b5 12.a3 Bb7 13.Ne2 Nb6 14.b4 Qe7 15.O-O Nc4
16.Bxc4 dxc4 17.Ng3 O-O 18.f5 Rad8 19.Qe3 exf5 20.Nxf5 Qe6 21.Ng5 Qxe5 22.Qh3 h6
23.Rae1 Qb2 24.Ne4 Bc8 25.Nxh6+ gxh6 26.Qxh6 f5 27.Rf3 Qd4+ 28.Kh1 Rd7 29.Qxc6 Rg7
30.Qc5 Qd7 31.Nd6 Bb7 32.Nxb7 Qxb7 33.Qd6 Qd7 34.Qxa6 Re8 35.Rxe8+ Qxe8 36.Qb6 Qe2
37.Qd8+ Kh7 38.Rh3+ Kg6 39.Qd6+ Kf7 40.Qd7+ Kg8 41.Qc8+  1-0

[Event "Guillermo Garcia ALFIL"]
[Site "Santa Clara CUB"]
[Date "2002.05.30"]
[Round "11"]
[White "Herrera,I"]
[Black "Bruzon,L"]
[Result "1/2-1/2"]
[WhiteElo "2474"]
[BlackElo "2569"]

1.e4 c5 2.Nf3 d6 3.d4 cxd4 4.Nxd4 Nf6 5.Nc3 a6 6.Bg5 e6 7.f4 Be7 8.Qf3 Qc7
9.O-O-O Nbd7 10.g4 b5 11.Bxf6 Nxf6 12.g5 Nd7 13.f5  1/2-1/2

[Event "17th North Sea Cup"]
[Site "Esbjerg DEN"]
[Date "2002.07.05"]
[Round "1"]
[White "Nielsen,PH"]
[Black "Bruzon,L"]
[Result "0-1"]
[WhiteElo "2626"]
[BlackElo "2590"]

1.d4 d5 2.c4 c6 3.Nf3 Nf6 4.Nc3 e6 5.Bg5 Nbd7 6.e3 Be7 7.Qc2 O-O 8.Rd1 h6
9.Bh4 b6 10.Bd3 Bb7 11.O-O Rc8 12.Qe2 Ne4 13.Bg3 Nxg3 14.hxg3 Bb4 15.Rc1 Qe7
16.cxd5 exd5 17.Ba6 Nf6 18.Na4 Bd6 19.Bxb7 Qxb7 20.Rfd1 Rfe8 21.Nc3 g6 22.a3 h5
23.b4 Kg7 24.Qb2 Qe7 25.Rc2 Rc7 26.Rdc1 Rec8 27.Ne2 Nd7 28.Nf4 b5 29.Re2 a5
30.Qc2 axb4 31.axb4 Nf6 32.Nh4 Bxf4 33.exf4 Qxb4 34.Re5 c5 35.Rb1 cxd4 36.Rxb4 Rxc2
37.Re1 Rc1 38.Kf1 d3 39.Nf3 Ne4 40.Rb1 d2  0-1

[Event "17th North Sea Cup"]
[Site "Esbjerg DEN"]
[Date "2002.07.06"]
[Round "2"]
[White "Dominguez,L"]
[Black "Bruzon,L"]
[Result "1/2-1/2"]
[WhiteElo "2613"]
[BlackElo "2590"]

1.e4 Nf6 2.e5 Nd5 3.d4 d6 4.Nf3 dxe5 5.Nxe5 g6 6.Bc4 c6 7.O-O Bg7 8.h3 O-O
9.Bb3 Be6 10.Re1 Nd7 11.Nf3  1/2-1/2

[Event "17th North Sea Cup"]
[Site "Esbjerg DEN"]
[Date "2002.07.07"]
[Round "3"]
[White "Bruzon,L"]
[Black "Glek,I"]
[Result "1/2-1/2"]
[WhiteElo "2590"]
[BlackElo "2590"]

1.e4 e6 2.d4 d5 3.Nc3 Nf6 4.Bg5 Bb4 5.e5 h6 6.Bd2 Bxc3 7.bxc3 Ne4 8.Qg4 g6
9.Bd3 Nxd2 10.Kxd2 c5 11.Qf4 Bd7 12.h4 Bc6 13.Nf3 Nd7 14.Nh2 Qa5 15.Ng4 O-O-O
16.Nxh6 Rxh6 17.Qxh6 cxd4 18.Ke2 dxc3 19.h5 Nxe5 20.hxg6 fxg6 21.Qg7 d4 22.Rh8 Bxg2
23.Rxd8+ Kxd8 24.f4 Bf3+ 25.Kf2 Nxd3+ 26.cxd3 Bd5 27.Qxd4 Qa3 28.Re1 Qxa2+
29.Re2 c2 30.Qh8+ Kd7 31.Qg7+ Kd8 32.Qf8+ Kd7 33.Qf7+  1/2-1/2

[Event "17th North Sea Cup"]
[Site "Esbjerg DEN"]
[Date "2002.07.08"]
[Round "4"]
[White "Stefansson,H"]
[Black "Bruzon,L"]
[Result "1/2-1/2"]
[WhiteElo "2588"]
[BlackElo "2590"]

1.d4 d5 2.c4 e6 3.Nf3 Nf6 4.Nc3 Be7 5.Bg5 O-O 6.e3 h6 7.Bxf6 Bxf6 8.Qb3 c6
9.Rd1 Nd7 10.Bd3 Rb8 11.O-O b5 12.cxd5 cxd5 13.a3 Rb6 14.Rc1 Bb7 15.Bb1 Qb8
16.Ne2 Rc8 17.Qd3 Kf8  1/2-1/2

[Event "17th North Sea Cup"]
[Site "Esbjerg DEN"]
[Date "2002.07.09"]
[Round "5"]
[White "Bruzon,L"]
[Black "Galliamova,A"]
[Result "1-0"]
[WhiteElo "2590"]
[BlackElo "2505"]

1.e4 c5 2.Nf3 Nc6 3.d4 cxd4 4.Nxd4 Nf6 5.Nc3 d6 6.f3 e6 7.Be3 a6 8.Qd2 Nxd4
9.Bxd4 b5 10.O-O-O Qa5 11.Kb1 b4 12.Ne2 e5 13.Bf2 Be6 14.Nc1 Be7 15.a3 O-O
16.axb4 Qc7 17.c4 Bxc4 18.Qc2 Rfc8 19.Qxc4 Qxc4 20.Bxc4 Rxc4 21.Na2 Rac8
22.Bh4 R4c6 23.Bxf6 Bxf6 24.Rc1 Bg5 25.Rxc6 Rxc6 26.Nc3 g6 27.Nd5 Rc4 28.Rd1 f5
29.b3 Rc8 30.Kb2 fxe4 31.fxe4 Rf8 32.Ra1 Rf2+ 33.Kc3 Rxg2 34.Rxa6 Bh4 35.b5 Be1+
36.Kd3 Rd2+ 37.Ke3 Rb2 38.b6 Rxb3+ 39.Ke2 Bh4 40.Ra7 Rb2+ 41.Kf1 Rb1+ 42.Ke2 Rb2+
43.Kd3 Bf2 44.Nf6+ Kf8 45.Nxh7+ Ke8 46.Nf6+ Kd8 47.Ra8+ Ke7 48.Nd5+ Kf7 49.Ra7+ Ke8
50.Re7+ Kd8 51.b7 Ba7 52.Rh7 Ke8 53.Kc3 Rb1 54.Kc2  1-0

[Event "17th North Sea Cup"]
[Site "Esbjerg DEN"]
[Date "2002.07.10"]
[Round "6"]
[White "Hansen,Cu"]
[Black "Bruzon,L"]
[Result "1/2-1/2"]
[WhiteElo "2625"]
[BlackElo "2590"]

1.d4 d5 2.c4 e6 3.Nc3 Nf6 4.Bg5 Be7 5.Nf3 O-O 6.e3 h6 7.Bh4 b6 8.Be2 Nbd7
9.cxd5 Nxd5 10.Bxe7 Qxe7 11.Nxd5 exd5 12.Rc1 Qb4+ 13.Qd2 Qd6 14.b4 c6 15.O-O a5
16.b5 c5 17.dxc5 Nxc5 18.Rfd1 Bb7 19.Nd4 Ne4 20.Qb2 Qf6 21.Bg4 Qe5 22.Qa3 Rad8
23.h3 Nf6 24.Nc6 Bxc6 25.bxc6 Qc7 26.Be2 Rd6 27.Bb5 Rfd8 28.Qb2 Ne4 29.Qe5 Nf6
30.a4 Re8 31.Qf5 Re7 32.Rc2 Rde6 33.Qf3 Re8 34.Rd4 R8e7 35.Qd1 Kf8 36.Qb1 Kg8
37.Rcd2 Rd6 38.R2d3 Re8 39.Qd1 Re7 40.Qc1 Kf8 41.h4 Kg8 42.Qd1 h5 43.g3 g6
44.Kg2 Kh7 45.Rf4 Ree6 46.Rdd4 Kg8 47.Qb3 Qd8 48.Qc2 Qc7 49.Qa2 Qd8 50.Rd3 Qc7
51.Rfd4 Kf8 52.Qa1 Kg8 53.Qb2 Re7 54.Rd1 Ree6 55.Qb1 Kf8 56.R1d3 Kg8 57.Qd1 Qe7
58.Rc3 Qc7 59.Rf4 Kh7 60.Rc2 Kg8 61.Rd4 Kf8 62.Qf3 Re7 63.Qd1 Ree6  1/2-1/2

[Event "17th North Sea Cup"]
[Site "Esbjerg DEN"]
[Date "2002.07.11"]
[Round "7"]
[White "Bruzon,L"]
[Black "Tiviakov,S"]
[Result "1/2-1/2"]
[WhiteElo "2590"]
[BlackElo "2628"]

1.c4 e5 2.g3 Nf6 3.Bg2 d5 4.cxd5 Nxd5 5.Nf3 Be6 6.O-O Nb6 7.d3 Be7 8.Nbd2 O-O
9.a3 a5 10.b3 Nc6 11.Bb2 f6 12.Qc2 Qd7 13.Rfd1 Rfd8 14.Nc4 Nxc4 15.bxc4 Qe8
16.e3 Qf7 17.Rac1 a4 18.Nd2 Na5 19.Bc3 Qf8 20.Ra1 c6 21.Rdb1 Bf5 22.Bf1 Rd7
23.Bb4 c5 24.Bxa5 Rxa5 25.Ne4 Qd8 26.Nc3 Rxd3 27.Bxd3 Bxd3 28.Qd2 Bxb1 29.Qxd8+ Bxd8
30.Rxb1 b6 31.Rd1 Ra8 32.Rd7 f5 33.e4 fxe4 34.Nxe4 Bf6 35.Kf1 Rb8 36.Ra7 Rd8
37.Ke2 Rd4 38.f3 h6 39.Rxa4 Kf7 40.Ra7+ Kg6 41.Ra6 Rxc4 42.Rxb6 Rc2+ 43.Kd3 Rxh2
44.Nxc5 Ra2 45.Ra6  1/2-1/2

[Event "17th North Sea Cup"]
[Site "Esbjerg DEN"]
[Date "2002.07.12"]
[Round "8"]
[White "Volokitin,And"]
[Black "Bruzon,L"]
[Result "1/2-1/2"]
[WhiteElo "2545"]
[BlackElo "2590"]

1.e4 c5 2.Nf3 d6 3.d4 cxd4 4.Nxd4 Nf6 5.Nc3 a6 6.a4 Nc6 7.Bc4 e6 8.O-O Be7
9.Be3 O-O 10.Qe2 Bd7 11.f4 Nxe4 12.Nxe4 d5 13.Rad1 Qc8 14.Bd3 dxe4 15.Bxe4 g6
16.Nb3 Nb4 17.Qf3 Nd5 18.f5  1/2-1/2

[Event "17th North Sea Cup"]
[Site "Esbjerg DEN"]
[Date "2002.07.13"]
[Round "9"]
[White "Bruzon,L"]
[Black "Hansen,SuB"]
[Result "1-0"]
[WhiteElo "2590"]
[BlackElo "2545"]

1.e4 e5 2.Nf3 Nc6 3.Bb5 Nf6 4.O-O Nxe4 5.d4 Nd6 6.Bxc6 dxc6 7.dxe5 Nf5 8.Qxd8+ Kxd8
9.Nc3 Ke8 10.h3 Be7 11.Ne2 Nh4 12.Nxh4 Bxh4 13.Bf4 Be7 14.Rad1 Bd7 15.Rd2 Rd8
16.Rfd1 h6 17.Kh2 a6 18.f3 Bc8 19.Rxd8+ Bxd8 20.g4 h5 21.Kg2 Be7 22.b3 Bd7
23.Ng3 hxg4 24.hxg4 c5 25.c4 b5 26.Nh5 Rh7 27.Be3 bxc4 28.bxc4 Be6 29.Rc1 Kd7
30.Nf4 Rh8 31.Rd1+ Kc6 32.Nxe6 fxe6 33.Rh1 Rd8 34.Rh7 Bf8 35.Rh8 Kb6 36.f4 Ka5
37.a3 Ka4 38.Kf3 Kb3 39.f5 Kxc4 40.Ke4 Be7 41.Rh7 exf5+ 42.gxf5 Bf8 43.Rh8 Be7
44.Rxd8 Bxd8 45.e6 Kb5 46.Kd5 Be7 47.a4+ Kb4 48.Kc6 Kc4 49.Kd7 Bf6 50.Bc1 Kd5
51.Bb2  1-0

[Event "Olympiad"]
[Site "Bled SLO"]
[Date "2002.10.30"]
[Round "5"]
[White "Van Wely,L"]
[Black "Bruzon,L"]
[Result "1/2-1/2"]
[WhiteElo "2681"]
[BlackElo "2613"]

1.d4 d5 2.c4 c6 3.Nf3 Nf6 4.Nc3 e6 5.Bg5 Nbd7 6.cxd5 exd5 7.e3 Be7 8.Qc2 O-O
9.Bd3 Re8 10.h3 Nf8 11.Bf4 Bd6 12.Bxd6 Qxd6 13.O-O Be6 14.Rab1 Rac8 15.b4 a6
16.Na4 g6 17.Nc5 Rc7 18.a4 N6d7 19.Rfc1 Nxc5 20.Qxc5 Qe7 21.b5 Qxc5 22.Rxc5 axb5
23.axb5 Nd7 24.Rc3 c5 25.b6 Rcc8 26.dxc5 Nxc5 27.Bb5 Ne4 28.Ra3 Ra8 29.Raa1 Rxa1
30.Rxa1 Rd8 31.Nd4 Nd6 32.f3 Kf8 33.Kf2 Rc8 34.Bd3 Ke7 35.g4 Bd7 36.Ra5 Rc1
37.Rxd5 Nc8 38.Ra5 Nxb6 39.Ra7 Rc7 40.Be4 Bc8 41.Nc6+ Kf6 42.Nd4 Nc4 43.Bd5 Nd6
44.f4 Ke7 45.e4 Rc5 46.Nc6+ Kf8 47.Ne5 f5 48.Ra8 Kg7 49.Ke3 Rc3+ 50.Kd2 Rc5
51.Kd3 fxe4+ 52.Bxe4 g5 53.Kd4 Nxe4 54.Kxe4 gxf4 55.Kxf4 h6 56.h4 Rc1 57.g5 hxg5+  1/2-1/2

[Event "Olympiad"]
[Site "Bled SLO"]
[Date "2002.11.05"]
[Round "10"]
[White "Winants,L"]
[Black "Bruzon,L"]
[Result "0-1"]
[WhiteElo "2504"]
[BlackElo "2613"]

1.d4 d5 2.c4 e6 3.Nc3 Nf6 4.Bg5 c6 5.e3 Nbd7 6.Bd3 Be7 7.Nf3 O-O 8.O-O h6
9.Bh4 dxc4 10.Bxc4 a6 11.Ne5 c5 12.Bb3 cxd4 13.exd4 Nd5 14.Bxe7 Nxe7 15.Ne4 Nb6
16.Qd3 Nbd5 17.Rad1 Bd7 18.Nc3 Bc6 19.Nxc6 bxc6 20.Ne4 Qb6 21.Nc5 Rfd8 22.Bc2 Nf5
23.Qa3 Nfe7 24.Be4 Ra7 25.b3 Nc3 26.Na4 Nxa4 27.Qxa4 Rad7 28.Qa3 e5 29.Rc1 exd4
30.Rfd1 Nd5 31.Bd3 Nb4 32.Bc4 c5 33.g3 d3 34.Qb2 Rd4 35.Qd2 Nc6 36.Re1 Na5
37.Re5 Nxc4 38.bxc4 Qd6 39.Re3 Qf6 40.h4 g6 41.Rce1 Kg7 42.Rc1 R4d6 43.Rce1 Rd4
44.Rc1 Qd6 45.Rc3 Qd7 46.Rf3 Qb7 47.Re3 Qb4 48.a3 Qa5 49.Kf1 Kh7 50.Ke1 Qb6
51.Rcxd3 Qb1+ 52.Ke2 Rb8 53.Rxd4 cxd4 54.Qxd4 Rb2+ 55.Kf3 Qh1+ 56.Kf4 Rxf2+
57.Ke5 Qc6 58.Qa7 Qxc4 59.Kd6 Rd2+ 60.Ke7 Qc6 61.h5 Kg7  0-1

[Event "Olympiad"]
[Site "Bled SLO"]
[Date "2002.11.06"]
[Round "11"]
[White "Akopian,Vl"]
[Black "Bruzon,L"]
[Result "1-0"]
[WhiteElo "2689"]
[BlackElo "2613"]

1.d4 d5 2.c4 e6 3.Nc3 Nf6 4.Nf3 Nbd7 5.cxd5 exd5 6.Bf4 c6 7.e3 Nh5 8.Bg5 Be7
9.Bxe7 Qxe7 10.Qc2 Nb6 11.O-O-O g6 12.Bd3 Bg4 13.h3 Bxf3 14.gxf3 O-O-O 15.f4 Kb8
16.Kb1 Nf6 17.h4 Rc8 18.Be2 Rce8 19.h5 Nc8 20.Rh2 Nd6 21.Rdh1 Rhg8 22.hxg6 hxg6
23.Bd3 Qd8 24.Qd1 Rh8 25.Qg1 a6 26.a3 Ka7 27.Ka2 Rxh2 28.Qxh2 Nfe4 29.Bxe4 Nxe4
30.Nxe4 dxe4 31.Ka1 Qe7 32.Qh7 Rd8 33.Qh4 Qxh4 34.Rxh4 Rd5 35.Rh7 Rf5 36.Rg7 Kb6
37.Ka2 Kc7 38.Kb3 a5 39.Ka4 Kb6 40.Kb3 Kc7 41.a4 Kd6 42.Kc4 b6 43.Rg8 b5+
44.axb5 cxb5+ 45.Kc3 Rh5 46.Rd8+ Ke7 47.Ra8 a4 48.Rb8 Kd6 49.Rb6+ Kd7 50.Rb7+ Ke6
51.Kb4 Rh2 52.Kc5 Rxf2 53.d5+ Kf6 54.Rxb5 Rd2 55.Rb4 Kf5 56.d6 Rc2+ 57.Kd5 Rd2+
58.Rd4 Rxd4+ 59.exd4  1-0

[Event "Olympiad"]
[Site "Bled SLO"]
[Date "2002.11.07"]
[Round "12"]
[White "Bruzon,L"]
[Black "David,Alb"]
[Result "0-1"]
[WhiteElo "2613"]
[BlackElo "2511"]

1.c4 e6 2.Nf3 Nf6 3.g3 d5 4.b3 Be7 5.Bg2 O-O 6.O-O c5 7.e3 Nc6 8.Bb2 d4 9.exd4 cxd4
10.Re1 Ne8 11.Ne5 Nxe5 12.Rxe5 f6 13.Re1 e5 14.Ba3 Bxa3 15.Nxa3 Nc7 16.Nc2 Kh8
17.d3 Qd6 18.Qd2 Ne6 19.Rf1 g5 20.b4 a5 21.a3 Ra7 22.bxa5 Qc7 23.a6 Rxa6
24.Nb4 Ra7 25.Nd5 Qd6 26.f4 exf4 27.gxf4 Rxa3 28.c5 Qxc5 29.Rac1 Qa5 30.Qxa5 Rxa5
31.Nb6 Nc5 32.fxg5 Be6 33.gxf6 Rb5 34.Rb1 Rxb1 35.Rxb1 Rxf6 36.Nd5 Rf5 37.Nb4 Rg5
38.Kf2 Bf5 39.Bf1 Bg6 40.Be2 Rf5+ 41.Kg3 Re5 42.Kf2 Kg7 43.Rc1 Kh6 44.Rc4 Ne6
45.Bf1 Rf5+ 46.Kg1 Rb5 47.Kf2 Kg5 48.Nc2 Rf5+  0-1

[Event "XV Carlos Torre"]
[Site "Merida MEX"]
[Date "2002.12.15"]
[Round "3"]
[White "Bruzon,L"]
[Black "Soppe,G"]
[Result "1/2-1/2"]
[WhiteElo "2613"]
[BlackElo "2469"]

1.e4 e5 2.Nf3 Nc6 3.Bb5 a6 4.Ba4 Nf6 5.O-O Be7 6.Re1 b5 7.Bb3 d6 8.c3 O-O
9.h3 Nd7 10.d4 Bf6 11.a4 Bb7 12.Na3 Nb6 13.axb5 axb5 14.d5 Ne7 15.Be3 c6
16.dxc6 Bxc6 17.Bxb6 Qxb6 18.Qxd6 Rfd8 19.Qb4 Qb7 20.Nh2 Ng6 21.Bd5 Bxd5
22.exd5 Rab8 23.c4 bxc4 24.Qxb7 Rxb7 25.Nxc4 Rxd5 26.Ra8+ Rd8 27.Rxd8+ Bxd8
28.Nxe5 Nxe5 29.Rxe5 Kf8  1/2-1/2

[Event "XV Carlos Torre"]
[Site "Merida MEX"]
[Date "2002.12.18"]
[Round "6"]
[White "Lalic,B"]
[Black "Bruzon,L"]
[Result "1/2-1/2"]
[WhiteElo "2542"]
[BlackElo "2613"]

1.d4 d5 2.c4 e6 3.Nc3 Nf6 4.cxd5 exd5 5.Bg5 c6 6.e3 Be7 7.Bd3 Nbd7 8.Nf3 O-O
9.Qc2 Re8 10.O-O Nf8 11.h3 g6 12.Bxf6 Bxf6 13.b4 Be6 14.Rfc1 Rc8 15.Rab1 Be7
16.a4 Bd6 17.a5 a6 18.Na4 Rc7 19.Nc5 Bc8 20.Re1 Ne6 21.e4 dxe4 22.Nxe4 Bf8
23.Bc4 Bg7 24.Rbd1 Kh8 25.Qd2 Rce7 26.d5 cxd5 27.Qxd5 Qxd5 28.Bxd5 Rd7 29.Nfg5 Nd8
30.Bb3 Rde7 31.Rxd8 Rxd8 32.Nxf7+ Rxf7 33.Bxf7 Bf8 34.Nc5 Kg7 35.Bc4 Rd4
36.Rc1 Kf6 37.Be2 Bd7 38.Bf3 Bb5 39.Bxb7 Rxb4 40.Nxa6 Bxa6 41.Bxa6 Ra4 42.Be2  1/2-1/2